| 000 | 00000nam 2200000za 4500 |
| 001 | 9.642812 |
| 003 | CaOODSP |
| 005 | 20240207110917 |
| 007 | cr ||||||||||| |
| 008 | 150407|2001||||xxc|||||o f|0| 0 fre d |
| 040 | |aCaOODSP|bfre |
| 043 | |an-cn--- |
| 086 | 1 |aSE3-60/2001F-PDF |
| 245 | 00|aAperçu de l'évaluation postélectorale sur l'élection générale de 2000 |h[ressource électronique]. |
| 246 | 1 |iSur la page de titre : |aÉtudes de recherche |
| 260 | |aOttawa : |bÉlections Canada, |c[2001]. |
| 300 | |a25 p. |
| 520 | 3 |a« Le présent rapport examine les études effectuées par Élections Canada avant, pendant et après l’élection générale du 27 novembre 2000. Ces études avaient pour principaux objectifs de déterminer les niveaux de satisfaction de l’électorat et des intervenants, d’évaluer l’efficience et l’efficacité de divers programmes établis par Élections Canada et de définir les points à améliorer sur les plans administratif et législatif. »--p.5 de 25. |
| 590 | |a14-09-Supp|b2014-04-23 |
| 691 | 07|aÉlections|2gcpds |
| 691 | 07|aSondage d'opinion|2gcpds |
| 710 | 2 |aÉlections Canada. |
| 775 | 08|t2000 general election post-event overview |w(CaOODSP)9.698653 |
| 856 | 40|ahttp://publications.gc.ca|qPDF|s264 Ko|uhttps://publications.gc.ca/collections/collection_2014/elections/SE3-60-2001-fra.pdf |